000 00345nam a2200145Ia 4500
008 230917s9999||||xx |||||||||||||| ||und||
040 _e195189
_aMAIN
041 _aEnglish
082 _aB N315K:J
100 _aKumar, M
245 0 _aJawaharlal Nehru
260 _aNew Delhi
_bArjun Publishing House
_c2011
300 _a189 p.
942 _cBK
999 _c163357
_d163357